000 00589nam a2200181Ia 4500
003 GCL
008 140319s9999 xx 000 0 eng d
040 _aGCL /
_cGCL
082 0 4 _a327.730567
_bJ W
100 1 _aJENTLESON, BRUCE W
245 1 0 _aWITH FRIENDS LIKE THESE: REAGAN, BUSH AND SADDAM 1982 - 1990 /
_cJENTLESON, BRUCE W
260 _a[S.N] :
_bW.W.NORTON AND COMPANY ،
_c1994
300 _a300 P
650 0 4 _aUNITED STATES - FOREIGN RELATION -IRAQ
650 0 4 _aIRAQ - FOREIGN RELATION - U.S.A
650 0 4 _aUNITED STATES - FOREIGN RELATION -1982 - 1990
942 _2ddc
_cBK
999 _c14424
_d14424